Japanese policy and east Asian security

Sparad:
Bibliografiska uppgifter
Huvudupphovsman: Tsurutani, Taketsugu
Materialtyp: Bok
Språk:Undetermined
Publicerad: New York Praeger 1981
Ämnen:
Taggar: Lägg till en tagg
Inga taggar, Lägg till första taggen!
Thư viện lưu trữ: Trung tâm Học liệu Trường Đại học Cần Thơ
LEADER 00504nam a2200193Ia 4500
001 CTU_107859
008 210402s9999 xx 000 0 und d
082 |a 355 
082 |b T882 
100 |a Tsurutani, Taketsugu 
245 0 |a Japanese policy and east Asian security 
245 0 |c Taketsugu Tsurutani 
260 |a New York 
260 |b Praeger 
260 |c 1981 
650 |a National security 
650 |z Japan 
904 |i M.Loan 
980 |a Trung tâm Học liệu Trường Đại học Cần Thơ